Star Wars characters that lost limbs - Statistics

General Stats
  • This quiz has been taken 23 times
  • The average score is 5 of 12
Answer Stats
Actor Character % Correct
Mark Hamill Luke Skywalker
100%
Hayden Christensen Anakin Skywalker
95%
Christopher Lee Count Dooku
77%
Samuel L Jackson Mace Windu
77%
Anthony Daniels C-3PO
68%
Ray Park Darth Maul
50%
Temuera Morrison Jango Fett
32%
Matthew Wood General Grievous
27%
Tommy Ilsley Ponda Baba
0%
Jon Favreau Pre Visla
0%
Clarence Brown Savage Opress
0%
Leeana Walsman Zam Wessel
0%
No matching quizzes found
Score Distribution
Percent of People with Each Score
Percentile by Number Answered
Your Score History
You have not taken this quiz